Normal view
MARC view
Entry Personal Name
001 - CONTROL NUMBER
- control field: 864117
003 - CONTROL NUMBER IDENTIFIER
- control field: OSt
005 - DATE AND TIME OF LATEST TRANSACTION
- control field: 20260113120151.0
008 - FIXED-LENGTH DATA ELEMENTS
- fixed length control field: 260113|| aca||aabn | a|a d
040 ## - CATALOGING SOURCE
- Original cataloging agency: OSt
- Transcribing agency: OSt
100 ## - HEADING--PERSONAL NAME
- Personal name: कुंदन, संजय
670 ## - SOURCE DATA FOUND
- Source citation: Work cat.: (OSt)1467572: कुंदन, संजय , श्यामलाल का अकेलापन , 2015
